00480nam a2200193Ia 4500008004100000020001800041050001400059100001700073245002900090245005400119245002000173260001500193260001600208260000900224300001500233300002000248300001000268500000800278170918s9999 xx 000 0 und d a9780439643573 bZ947 1998 aZullo, Allan aWorld's dumbest crooks : band other tales of bloopers, botches & blunders / cby Allan Zullo. aNew York : bScholastic, c1998 a94 pages : billustrations ; c19cm. a950